000 00280nam a22001337a 4500
008 171019b xxu||||| |||| 00| 0 eng d
020 _a9780074705575
041 _aeng
080 _a338
100 _a53
101 _aMEN
245 _aJUST MANAGING
_cMONK.R
942 _2udc
_cBK
999 _c34989
_d34989